000
00322nam a22001457a 4500
003
SGT
082
_a
616.0757, R13S
100
_a
SUTTON, DAVID
245
_a
RADIOLOGY & IMAGING FOR MEDICAL STUDENTS
250
_a
7TH
260
_a
INDIA
_b
ELSEVIER
_c
2013
300
_a
271
650
_a
RADIOLOGY
942
_2
ddc
_c
BK
_0
2
999
_c
8417
_d
8417